00478pam a2200181 a 4500001000800000005001700008008004100025010001700066020001500083040001800098041000800116080001300124082002000137100000700157101000800164245005600172504006800228348789320180302071415.0940708s1995 enk b 001 0 eng  a 94030136  a0415086647 aDLCcDLCdDLC aeng a306.018 00a306.018 HAM2201 a19 aSHP10aEthnography :cMartyn Hammersley and Paul Atkinson. aIncludes bibliographical references (p. [288]-312) and indexes.